000 00327nam a2200145Ia 4500
100 _aPopov/E.P
250 _a2
942 _cBK
654 _aEngineering Mechanics
245 _aEngineering Mechanics of Solids
260 _bPrentice Hall
_aNew Delhi
_c1998
082 _a620.105
_bPOP
300 _a864
546 _aENGLISH
999 _c34701
_d34701